| 000 | 00372nam a2200145Ia 4500 | ||
|---|---|---|---|
| 008 | 230917s9999||||xx |||||||||||||| ||und|| | ||
| 040 |
_e78216 _aMAIN |
||
| 041 | _aEnglish | ||
| 082 | _a346.022 P275I | ||
| 100 | _aPatra, Atul Chandra | ||
| 245 | 0 | _aIndian Contract Act 1872. V1 | |
| 260 |
_aBombay _bAsia Publishing House _c1966 |
||
| 300 | _avi, 894 p. | ||
| 942 | _cBK | ||
| 999 |
_c189940 _d189940 |
||